000 00551nam a22001937a 4500
005 20250113105220.0
010 _aENG-143318
020 _a9789355315496
_c330.00
035 _aEN-126850
037 _aDBAD
082 _a791.730954292
100 _aSharma, S.K.
_976409
245 _aThin Film Characterisation/
_cby S.K. Sharma
250 _a1
260 _aMeerut
_bPragati Prakashan
_c2021
270 _a240, Western Kutchery Road,
_bMeerut
_e250002
300 _a135p.:
_c24cm(hb)
942 _2ddc
_cEN
_mSHA
_h791.730954292
999 _c208397
_d208397